Project Romulus : (Record no. 76470)
[ view plain ]
| 000 -LEADER | |
|---|---|
| fixed length control field | 01103cam a22003131 4500 |
| 001 - CONTROL NUMBER | |
| control field | 76470 |
| 003 - CONTROL NUMBER IDENTIFIER | |
| rucl marc code | BD-RjUL |
| 005 - DATE AND TIME OF LATEST TRANSACTION | |
| control field | 20211209082840.0 |
| 008 - FIXED-LENGTH DATA ELEMENTS--GENERAL INFORMATION | |
| fixed length control field | 700802s1968 mauab b 000 0 eng |
| 035 ## - SYSTEM CONTROL NUMBER | |
| System control number | (BD-RjUL)76692 |
| 040 ## - CATALOGING SOURCE | |
| Original cataloging agency | DLC |
| Transcribing agency | DLC |
| Modifying agency | DLC |
| Language of cataloging | eng |
| 041 ## - LANGUAGE CODE | |
| Language code of text/sound track or separate title | eng |
| 043 ## - GEOGRAPHIC AREA CODE | |
| Geographic area code | n-us-ma |
| 082 00 - DEWEY DECIMAL CLASSIFICATION NUMBER | |
| Classification number | 711.40974461 |
| Edition number | 23 |
| Author mark and year | PRO 1968 |
| 245 00 - TITLE STATEMENT | |
| Title | Project Romulus : |
| Remainder of title | an adaptable high-density urban prototype / |
| Statement of responsibility, etc. | Anthony Kettaneh, editor. |
| 260 ## - PUBLICATION, DISTRIBUTION, ETC. (IMPRINT) | |
| Place of publication, distribution, etc. | Cambridge, Mass., |
| Name of publisher, distributor, etc. | M.I.T. Press |
| Date of publication, distribution, etc. | [1968] |
| 300 ## - PHYSICAL DESCRIPTION | |
| Pagination | xiv, 233 p. : |
| Illustrations | illus., maps. ; |
| Size | 26 cm. |
| 350 ## - PRICE (NR) (BK AM CF MU VM SE) [OBSOLETE] | |
| Price | 7.50 |
| 490 1# - SERIES STATEMENT | |
| Series statement | M.I.T. report no. 12 |
| 500 ## - GENERAL NOTE | |
| General note | "Interdepartmental student project in systems engineering at the Massachusetts Institute of Technology, spring term, 1967." |
| 504 ## - BIBLIOGRAPHY, ETC. NOTE | |
| Bibliography, etc | Includes bibliographical references. |
| 650 #0 - SUBJECT ADDED ENTRY--TOPICAL TERM | |
| Topical term or geographic name as entry element | City planning |
| Geographic subdivision | Massachusetts |
| -- | Boston. |
| 9 (RLIN) | 236222 |
| 700 1# - ADDED ENTRY--PERSONAL NAME | |
| Personal name | Kettaneh, Anthony, |
| 710 2# - ADDED ENTRY--CORPORATE NAME | |
| Corporate name or jurisdiction name as entry element | Massachusetts Institute of Technology. |
| 9 (RLIN) | 236224 |
| 906 ## - LOCAL DATA ELEMENT F, LDF (RLIN) | |
| a | 7 |
| b | cbc |
| c | orignew |
| d | u |
| e | ncip |
| f | 19 |
| g | y-gencatlg |
| 942 ## - ADDED ENTRY ELEMENTS (KOHA) | |
| Source of classification or shelving scheme | Dewey Decimal Classification |
| Koha item type | Books |
| Lost status | Source of classification or shelving scheme | Damaged status | Not for loan | Collection code | Permanent Location | Current Location | Shelving location | Date acquired | Source of acquisition | Total Checkouts | Full call number | Date last seen | Copy number | Koha item type |
|---|---|---|---|---|---|---|---|---|---|---|---|---|---|---|
| Dewey Decimal Classification | Not For Loan | Non-fiction | Central Library, University of Rajshahi | Central Library, University of Rajshahi | Reading Room | 26/09/1970 | Zeitlinger | 711.40974461 PRO 1968 | 10/12/2019 | C-1 | Books |